|
|
|
|
| LEADER |
00000ny a22000003n 4500 |
| 005 |
20110620182331.0 |
| 006 |
m u |
| 007 |
cr cn||||||||| |
| 008 |
200805r20072008sp |||||s|||||||||||spa d |
| 020 |
|
|
|a 9788476987957
|
| 035 |
|
|
|a 2030
|
| 040 |
|
|
|a FlNmELB
|c FlNmELB
|d vlex
|
| 050 |
1 |
4 |
|a JX4263.P7
|b T697 2007eb
|
| 080 |
|
|
|a 341.7
|
| 090 |
|
|
|c 1346
|d 1346
|
| 100 |
1 |
|
|a Torroja Mateu, Helena
|
| 245 |
1 |
3 |
|a El derecho del Estado a ejercer la proteccin̤ diplomt̀ica
|h [Recurso electrn̤ico]
|c Helena Torroja Mateu; directora, Victoria Abellǹ
|
| 256 |
|
|
|a Servicio en ln̕ea
|
| 260 |
|
|
|a Barcelona :
|b BOSCH EDITOR,
|c 2007
|
| 300 |
|
|
|a 5-219 p
|
| 506 |
1 |
|
|a Contenido solo disponible en los productos indicados
|d vLex Global
|d vLex Global (Academic Edition, excluding Law Schools)
|d vLex Global (U.S. Academic Edition, Law Schools)
|d vLex Global (U.S. Academic Edition, excluding Law Schools)
|d vLex Global (Academic Edition, Law Schools)
|
| 650 |
0 |
7 |
|a Derecho internacional
|2 Tesauro vLex
|
| 650 |
0 |
7 |
|a Civil
|2 Tesauro vLex
|
| 650 |
0 |
7 |
|a Derecho internacional pb︢lico
|2 Tesauro vLex
|
| 700 |
1 |
|
|a Abellǹ, Victoria,
|e dir
|
| 740 |
0 |
|
|a vLex Libros (Servicios en ln̕ea)
|
| 856 |
4 |
0 |
|u http://vlex.com/source/2030
|z Acceso restringido
|
| 942 |
|
|
|c BOOK
|
| 999 |
|
|
|a Proteccin̤ diplomt̀ica
|